| 000 -LEADER |
| fixed length control field |
00551cam a2200145 i 4500 |
| 020 ## - INTERNATIONAL STANDARD BOOK NUMBER |
| ISBN |
0821405217 |
| 040 ## - CATALOGING SOURCE |
| Transcribing agency |
DLC |
| 082 0# - DEWEY DECIMAL CLASSIFICATION NUMBER |
| Classification number |
334 GFA 1979 C147 Or. |
| 245 00 - TITLE STATEMENT |
| Title |
Group farming in Asia : |
| Remainder of title |
experiences and potentials / |
| 300 ## - PHYSICAL DESCRIPTION |
| Number of Pages |
xvi, 296 pages : |
| Other physical details |
illustrations ; |
| Dimensions |
24 cm |
| 500 ## - GENERAL NOTE |
| General note |
"Based on papers presented at a conference sponsored by the Regional Research and Training Programme of the Agricultural Development Council in Singapore on 22-24 August 1977." |
| 650 #0 - SUBJECT ADDED ENTRY--TOPICAL TERM |
| Topical Term |
Agriculture, Cooperative |
| 700 1# - ADDED ENTRY--PERSONAL NAME |
| Personal name |
Wong, John, |
| 942 ## - ADDED ENTRY ELEMENTS (KOHA) |
| Koha item type |
ADB |
| 952 ## - LOCATION AND ITEM INFORMATION (KOHA) |
| Withdrawn status [LOCAL, KOHA] |
0 |
| 952 ## - LOCATION AND ITEM INFORMATION (KOHA) |
| Withdrawn status [LOCAL, KOHA] |
0 |
| 952 ## - LOCATION AND ITEM INFORMATION (KOHA) |
| Withdrawn status [LOCAL, KOHA] |
0 |
| 952 ## - LOCATION AND ITEM INFORMATION (KOHA) |
| Withdrawn status [LOCAL, KOHA] |
0 |
| 952 ## - LOCATION AND ITEM INFORMATION (KOHA) |
| Withdrawn status [LOCAL, KOHA] |
0 |
| 952 ## - LOCATION AND ITEM INFORMATION (KOHA) |
| Withdrawn status [LOCAL, KOHA] |
0 |
| 952 ## - LOCATION AND ITEM INFORMATION (KOHA) |
| Withdrawn status [LOCAL, KOHA] |
0 |
| 952 ## - LOCATION AND ITEM INFORMATION (KOHA) |
| Withdrawn status [LOCAL, KOHA] |
0 |
| 952 ## - LOCATION AND ITEM INFORMATION (KOHA) |
| Withdrawn status [LOCAL, KOHA] |
0 |
| 952 ## - LOCATION AND ITEM INFORMATION (KOHA) |
| Withdrawn status [LOCAL, KOHA] |
0 |